Domestic Renewable Heat Incentive (Record no. 115033)

MARC details
000 -LEADER
fixed length control field 01217cad a22002175a 4500
001 - CONTROL NUMBER
control field L157922
008 - FIXED-LENGTH DATA ELEMENTS--GENERAL INFORMATION
fixed length control field 130722s2013 xxk f 000 0 eng d
035 ## - SYSTEM CONTROL NUMBER
System control number (Sirsi) u157922
041 0# - LANGUAGE CODE
Language code of text/sound track or separate title eng
110 2# - MAIN ENTRY--CORPORATE NAME
Corporate name or jurisdiction name as entry element United Kingdom
Subordinate unit Department of Energy and Climate Change
9 (RLIN) 5850
245 00 - TITLE STATEMENT
Title Domestic Renewable Heat Incentive
Remainder of title The first step to transforming the way we heat our homes
Medium [electronic resource]
260 ## - PUBLICATION, DISTRIBUTION, ETC.
Place of publication, distribution, etc. London
Name of publisher, distributor, etc. DECC
Date of publication, distribution, etc. 2013
520 ## - SUMMARY, ETC.
Summary, etc. Under the new Renewable Heat Incentive householders could get paid hundreds of pounds a year for heat generated by solar thermal panels, biomass boilers and heat pumps. The announcement follows consultation on how a financial incentive would work best for householders and is designed to increase uptake of renewable heat technologies in homes across the UK. The scheme has been running in the commercial sector since November 2011.
590 ## - LOCAL NOTE (RLIN)
Local note KA
651 #4 - SUBJECT ADDED ENTRY--GEOGRAPHIC NAME
Geographic name United Kingdom
690 ## - LOCAL SUBJECT ADDED ENTRY--TOPICAL TERM (OCLC, RLIN)
Topical term or geographic name as entry element Renewables
9 (RLIN) 6265
690 ## - LOCAL SUBJECT ADDED ENTRY--TOPICAL TERM (OCLC, RLIN)
Topical term or geographic name as entry element Energy
9 (RLIN) 6237
690 ## - LOCAL SUBJECT ADDED ENTRY--TOPICAL TERM (OCLC, RLIN)
Topical term or geographic name as entry element Sustainability
9 (RLIN) 6271
856 40 - ELECTRONIC LOCATION AND ACCESS
Uniform Resource Identifier <a href="https://www.gov.uk/government/uploads/system/uploads/attachment_data/file/212089/Domestic_RHI_policy_statement.pdf">https://www.gov.uk/government/uploads/system/uploads/attachment_data/file/212089/Domestic_RHI_policy_statement.pdf</a>
Public note View the item free of charge at www.gov.uk
942 ## - ADDED ENTRY ELEMENTS (KOHA)
Suppress in OPAC 0
Holdings
Withdrawn status Lost status Source of classification or shelving scheme Damaged status Not for loan Home library Current library Shelving location Date acquired Total Checkouts Full call number Barcode Date last seen Copy number Price effective from Koha item type
    Dewey Decimal Classification     Virtual Virtual Online 22/07/2013   ONLINE PUBLICATION 157922-2001 06/08/2019 1 06/08/2019 Book